| 000 | 00731cam a22002291 4500 | ||
|---|---|---|---|
| 001 | ne 68000053 | ||
| 003 | DLC | ||
| 005 | 20260227111836.0 | ||
| 008 | 830919m19679999le b 001 0 arar | ||
| 010 | _ane 68000053 | ||
| 035 | _a(OCoLC)9924088 | ||
| 040 |
_aDLC _cTU _dTU _dDLC |
||
| 050 | 0 | 0 |
_aDS79.6.H3 _bA3 |
| 100 | 1 |
_aHāshimī, Ṭāhā, _d1888-1961. |
|
| 245 | 1 | 0 |
_aMudhakkirāt Ṭāhā al-Hāshimī / _cbi-qalam Khaldūn Sāṭiʻ al-Ḥuṣarī. |
| 260 |
_aBayrūt, _bDār al-Ṭaʼlīʻah, _c1967-1978. |
||
| 300 |
_a2 v. ; _c25 cm. |
||
| 504 | _aIncludes bibliographical references and index. | ||
| 505 | 0 | _av . 1. 1919-1943 -- v. 2. 1942-1955. | |
| 651 | 0 |
_aIraq _xHistory. |
|
| 700 | 1 |
_aHusry, Khaldun Sati, _d1923- |
|
| 999 |
_c49914 _d49914 |
||